Vista normal
Vista MARC
Entrada Personal Name
Número de registros utilizados en: 1
001 - CONTROL NUMBER
- control field: 13570
003 - CONTROL NUMBER IDENTIFIER
- control field: DLC
005 - DATE AND TIME OF LATEST TRANSACTION
- control field: 20221130162012.0
008 - FIXED-LENGTH DATA ELEMENTS
- fixed length control field: 880223n| acannaabn |a aaa
010 ## - LIBRARY OF CONGRESS CONTROL NUMBER
- LC control number: n 88613215
035 ## - SYSTEM CONTROL NUMBER
- System control number: (OCoLC)oca02209832
040 ## - CATALOGING SOURCE
- Original cataloging agency: DLC
- Language of cataloging: spa
- Transcribing agency: Mx-PuUPA
- Modifying agency: OCoLC
- Modifying agency: Mx-PuUPA
- Description conventions: rda
100 1# - HEADING--PERSONAL NAME
- Personal name: Rubio Mañé, J. Ignacio,
- Fuller form of name: (Jorge Ignacio)
374 ## - OCCUPATION
- Occupation: Autor
375 ## - GENDER
- Gender: hombre
377 ## - ASSOCIATED LANGUAGE
- Language code: spa
400 1# - SEE FROM TRACING--PERSONAL NAME
- Control subfield: nna
- Personal name: Rubio Mañé, Jorge Ignacio
400 1# - SEE FROM TRACING--PERSONAL NAME
- Personal name: Mañé, J. Ignacio Rubio
- Fuller form of name: (Jorge Ignacio Rubio)
670 ## - SOURCE DATA FOUND
- Source citation: nuc87-32398: His El virreinato, 1983
- Information found: (hdg. on NcD rept.: Rubio Mañé, J. Ignacio (Jorge Ignacio); usage: J. Ignacio Rubio Mañé)
670 ## - SOURCE DATA FOUND
- Source citation: LC data base, 2/23/88
- Information found: (hdg.: Rubio Mañé, Jorge Ignacio; usage: J. Ignacio Rubio Mañé)